| 000 | 00515nam a22002057a 4500 | ||
|---|---|---|---|
| 003 | Nust | ||
| 005 | 20211101141325.0 | ||
| 008 | 170124b xxu||||| |||| 00| 0 eng d | ||
| 020 | _a81-7409-0746 | ||
| 038 | _akhadija | ||
| 040 | _cc | ||
| 082 |
_a621.3 _bSIN |
||
| 100 |
_aSingh, Sadhu _979581 |
||
| 245 |
_aKhanna's Mechanical Engineer's Handbook/ _cSadhu Singh |
||
| 260 |
_aNew Delhi : _bKhanna, _c2008. |
||
| 300 |
_a1900 p. ; _c25 cm. |
||
| 500 | _aHardcover. | ||
| 563 | _ahard cover | ||
| 942 |
_cBK _2ddc |
||
| 999 |
_c32097 _d32097 |
||